000 00508nam a2200181Ia 4500
005 20250508162934.0
008 008 250505s9999 xx 000 0 eng d
037 _aReference
040 _aFEDL
_beng
_cFEDL
041 _aeng
_2eng
084 _a203, MAC
_qFEDL
100 _aMacGregor Geddes
245 0 _aEveryman dictionary of religion and phhilosophy
260 _aLondon, UK
_bJ M Dent and Sons Limited
_c1990
300 _a696p
942 _cREF
_h203, MAC
999 _c1379544
_d1379544